[Event "Ch Hungary (team) 2000/01 (3 liga)"]
[Site "Hungary"]
[Round "2"]
[White "Gyorke Zoltan (HUN)"]
[Black "Ivan Zoltan (HUN)"]
[Result "1/2-1/2"]
[WhiteElo "2215"]
[BlackElo "2214"]

1.d4 Nf6 2.c4 d6 3.Nf3 Bg4 4.Nbd2 Nc6 5.d5 Nb8 6.e4 a5 7.Be2 Na6 8.O-O Nc5
9.Nd4 Bd7 10.Qc2 g6 11.b3 Bg7 12.Bb2 O-O 13.f4 a4 14.e5 Ng4 15.Bxg4 Bxg4
16.N2f3 a3 17.Bc3 Qc8 18.Rac1 c6 19.dxc6 bxc6 20.h3 Bd7 21.Ng5 h6 22.Ngf3 Kh7
23.Kh2 Ne6 24.Nxe6 Bxe6 25.exd6 exd6 26.Bxg7 Kxg7 27.Qc3+ Kh7 28.Nd4 c5
29.Nxe6 fxe6 30.Qd3 Qd7 31.Rc2 Rae8 32.Rd2 Rd8 33.Qe2 Rf6 34.Rfd1 Qc7 35.g3 h5
36.h4 {#d} 1/2-1/2

[Event "Ch Serbia"]
[Site "Kragujevac (Yugoslavia)"]
[Round "8"]
[White "Benkovic Petar (SRB)"]
[Black "Jovic Stanoje (SRB)"]
[Result "1/2-1/2"]
[WhiteElo "2375"]
[BlackElo "2372"]

1.Nf3 Nf6 2.c4 d6 3.d4 Bg4 4.Nc3 Bxf3 5.exf3 c6 6.d5 g6 7.Be3 Bg7 8.Be2 O-O
9.O-O Nbd7 10.Rb1 Nb6 11.Qd2 cxd5 12.cxd5 Qd7 13.Bb5 Qf5 14.Rfd1 Rfc8 15.Bxb6
axb6 16.Qe3 Rxc3 17.Qxc3 Nxd5 18.Qb3 Nf4 19.Bf1 Ne6 20.Qxb6 Bd4 21.Qb5 Be5
22.Qxb7 Rxa2 23.g3 Nc5 24.Qxe7 Qxf3 25.Bg2 Qf5 26.Bd5 Ra6 27.b4 Ne4 28.f4 Nc3
29.fxe5 Nxd5 30.Qe8+ Kg7 31.Rf1 Nf4 32.Rbe1 Nh3+ 33.Kh1 Nf2+ 34.Kg1 Nh3+
35.Kh1 Nf2+ 36.Kg1 {#d} 1/2-1/2

[Event "Ch Yugoslavia (team) (w)"]
[Site "Kragujevac (Yugoslavia)"]
[Round "4"]
[White "Kiseleva Natalia (UKR)"]
[Black "Benderac Ana (SRB)"]
[Result "1/2-1/2"]
[WhiteElo "2323"]
[BlackElo "2246"]

1.d4 d6 2.Nf3 Bg4 3.c4 Nf6 4.Qb3 Qc8 5.h3 Bxf3 6.Qxf3 e5 7.d5 a5 8.e4 Na6
9.Nc3 Be7 10.Bd3 Nc5 11.Bc2 O-O 12.O-O h6 13.b3 Nh7 14.a3 Bg5 15.Bxg5 Nxg5
16.Qe3 Na6 17.f4 Nh7 18.fxe5 dxe5 19.Rab1 Nb8 20.Rf5 Nd7 21.c5 g6 22.Rf2 Kg7
23.Bd3 b6 24.c6 Ndf6 25.Nb5 Ne8 26.d6 Nxd6 27.Nxd6 cxd6 28.Qxb6 Rb8 29.Qa6 Qc7
30.Qc4 Rb6 31.Rc1 Rc8 32.Rfc2 Ng5 33.b4 axb4 34.axb4 Qa7 {#d} 1/2-1/2

[Event "It (open)"]
[Site "Le Touquet (France)"]
[Round "6"]
[White "Bernard Christophe (FRA)"]
[Black "Paillard Denis (FRA)"]
[Result "1-0"]
[WhiteElo "1694"]
[BlackElo "2241"]

1.d4 Nf6 2.Nf3 d6 3.c4 Bg4 4.Qb3 Qc8 5.h3 Bh5 6.Nbd2 Nbd7 7.g4 Bg6 8.Bg2 c6
9.Qe3 e6 10.b3 h6 11.Nh4 Bh7 12.Nf5 d5 13.O-O Qc7 14.c5 h5 15.Nd6+ Bxd6
16.cxd6 Qxd6 17.g5 Ng8 18.a4 Ne7 19.Ba3 Qc7 20.Qc3 a5 21.f4 Nb6 22.Rac1 Nbc8
23.e4 Qd7 24.f5 exf5 25.exd5 cxd5 26.Nf3 b6 27.Rfe1 O-O 28.Ne5 Qb7 29.g6 Bxg6
30.Nxg6 Nxg6 31.Bxf8 Kxf8 32.Bxd5 {#r} 1-0

[Event "Memorial Ron Ranwell"]
[Site "London (England)"]
[Round "8"]
[White "Bass John (ENG)"]
[Black "Rety John (ENG)"]
[Result "1-0"]
[WhiteElo "2035"]
[BlackElo "2026"]

1.d4 Nf6 2.Nf3 d6 3.c4 Bg4 4.Nc3 e6 5.e4 Be7 6.Be2 Nc6 7.Be3 Bh5 8.d5 Nb8
9.Nd4 Bxe2 10.Qxe2 e5 11.Nf5 g6 12.Ng3 h5 13.f3 h4 14.Nf1 Nh5 15.Qd2 Qd7
16.O-O-O Na6 17.g3 b6 18.gxh4 Bxh4 19.Ng3 O-O-O 20.Nxh5 Rxh5 21.Rhg1 Rdh8
22.Rdf1 Qh3 23.Kb1 f6 24.Qe2 g5 25.Ka1 Nb8 26.b4 Nd7 27.c5 Nb8 28.cxd6 cxd6
29.Nb5 R5h7 30.Nxd6+ Kd7 31.Nf5 Ke8 32.Rc1 Kf7 33.Rc7+ Kg6 34.Ne7+ Kh6 35.Rxa7
Re8 36.Nf5+ Qxf5 37.exf5 Rxa7 38.Qc4 Nd7 39.Qxh4+ {#r} 1-0

[Event "Ch Netherlands (team) 2000"]
[Site "Netherlands"]
[Round "6"]
[White "Van Der Sterren Paul (NED)"]
[Black "De Heer Machiel (NED)"]
[Result "1-0"]
[WhiteElo "2569"]
[BlackElo "2304"]

1.Nf3 d6 2.d4 Bg4 3.c4 Nf6 4.Qb3 Qc8 5.h3 Bh5 6.g4 Bg6 7.Bg2 c6 8.Nc3 e6 9.Nh4
d5 10.g5 Nh5 11.Nxg6 hxg6 12.cxd5 exd5 13.Nxd5 cxd5 14.Bxd5 Nc6 15.Bxf7+ Kd8
16.Bxg6 Nxd4 17.Qd3 Qd7 18.Be3 Bb4+ 19.Kf1 Nc6 20.Qb3 Kc7 21.Rd1 Qe7 22.Bxh5
Rxh5 23.Bf4+ Kb6 24.a3 Qe4 25.Be3+ Kc7 26.f3 Rf8 27.Bf2 Qf5 28.Bg3+ Kc8
29.axb4 Rxg5 30.Kf2 Re8 31.Qc4 Qg6 32.Rd6 {#r} 1-0

[Event "It (open)"]
[Site "Pardubice (Czech Republic)"]
[Round "5"]
[White "Hanko Pavol (SVK)"]
[Black "Pisk Petr (CZE)"]
[Result "1/2-1/2"]
[WhiteElo "2195"]
[BlackElo "2400"]

1.d4 Nf6 2.Nf3 d6 3.c4 Bg4 4.h3 Bxf3 5.exf3 g6 6.Be2 Bg7 7.O-O O-O 8.Nc3 c6
9.f4 Na6 10.Be3 Nc7 11.Bf3 Nd7 {#d} 1/2-1/2

[Event "It (open)"]
[Site "Senden (Germany)"]
[Round "8"]
[White "Lingnau Carsten (GER)"]
[Black "Kogan Artur (ISR)"]
[Result "0-1"]
[WhiteElo "2395"]
[BlackElo "2504"]

1.Nf3 Nf6 2.c4 d6 3.d4 Bg4 4.Nc3 Nbd7 5.e4 e5 6.Be2 Be7 7.O-O O-O 8.Be3 c6
9.Nd2 Bxe2 10.Qxe2 a6 11.d5 g6 12.b4 cxd5 13.cxd5 Nh5 14.g3 Qe8 15.Nc4 f5
16.f3 f4 17.Bf2 fxg3 18.hxg3 Rc8 19.Rac1 Qf7 20.Nd2 Bg5 21.Ncb1 Ndf6 22.Rc4 b5
23.Rcc1 Qd7 24.Kg2 Bf4 25.Rfd1 g5 26.Rxc8 Rxc8 27.Nf1 g4 28.Be3 Qg7 29.Rd3
gxf3+ 30.Qxf3 Rf8 31.Kh3 Qh6 32.Kg2 Qg6 33.Nbd2 Bxe3 34.Rxe3 Nxd5 {#R} 0-1

[Event "Ch Serbia (team)"]
[Site "Serbia"]
[Round "0"]
[White "Drasko Milan (MNE)"]
[Black "Runic Zoran (BIH)"]
[Result "1-0"]
[WhiteElo "2485"]
[BlackElo "2445"]

1.d4 Nf6 2.c4 d6 3.Nf3 Bg4 4.Nc3 g6 5.g3 Bxf3 6.exf3 c6 7.d5 cxd5 8.cxd5 Nbd7
9.Bg2 Bg7 10.O-O O-O 11.f4 Nb6 12.Qe2 Rc8 13.Rd1 Qd7 14.Bd2 Rfe8 15.a4 Qf5
16.Be1 a6 17.a5 Na8 18.Rac1 Nc7 19.Qf1 Qh5 20.Bh3 Rcd8 21.f3 g5 22.g4 Qg6
23.f5 Qh6 24.Bg2 Nd7 25.Ne4 Nb5 26.h4 Bxb2 27.hxg5 Qg7 28.Rc2 Bd4+ 29.Bf2 Nc5
30.Bxd4 Nxd4 31.f6 Nxc2 32.fxg7 Ne3 33.Qe1 Nxd1 34.Qxd1 Nxe4 35.fxe4 Rc8 36.e5
Rc5 37.Be4 e6 38.exd6 exd5 39.d7 Rd8 40.Bf5 {#r} 1-0

[Event "Memorial M.Chigorin (open)"]
[Site "St. Petersburg (Russia)"]
[Round "1"]
[White "Dzhakaev Dzhakay (RUS)"]
[Black "Shirjaeva Jaroslava (RUS)"]
[Result "1-0"]
[WhiteElo "2403"]
[BlackElo "2114"]

1.d4 Nf6 2.c4 d6 3.Nf3 Bg4 4.Nc3 c6 5.e4 Nbd7 6.Be3 e5 7.Be2 Be7 8.O-O O-O
9.d5 c5 10.Nd2 Bxe2 11.Qxe2 Ne8 12.g3 g6 13.f4 f5 14.exf5 gxf5 15.fxe5 Nxe5
16.Nd1 Ng7 17.Bxc5 Qc7 18.Bd4 b6 19.b3 Rae8 20.Nf3 Bf6 21.Nxe5 Bxe5 22.Bxe5
Rxe5 23.Qf2 Qe7 24.Nc3 Re8 25.Qd4 Qg5 26.Rf3 Re1+ 27.Rxe1 Rxe1+ 28.Kg2 Qe7
29.g4 Qg5 30.Qf4 Qxg4+ 31.Qxg4 fxg4 32.Rf4 Re7 33.Ne4 Ne8 34.Rxg4+ Kf8 35.Kf3
Rd7 36.Ke3 Rf7 37.b4 Ke7 38.Rh4 Nf6 39.Nxf6 Kxf6 40.Rf4+ Ke7 41.Rxf7+ Kxf7
42.Kd4 Ke7 43.c5 bxc5+ 44.bxc5 dxc5+ 45.Kxc5 Kd7 46.d6 {#r} 1-0

[Event "Ch Vietnam (team)"]
[Site "Vung Tau (Vietnam)"]
[Round "9"]
[White "Tran Anh Tri (VIE)"]
[Black "Tu Hoang Thai (VIE)"]
[Result "1/2-1/2"]
[WhiteElo "2305"]
[BlackElo "2335"]

1.d4 Nf6 2.Nf3 d6 3.c4 Bg4 4.Nc3 Nbd7 5.Bg5 c6 6.e3 e5 7.Be2 Be7 8.h3 Bh5
9.dxe5 dxe5 10.Nh4 Bg6 11.O-O O-O 12.Nxg6 hxg6 13.Qc2 Qc7 14.Rfd1 Rad8 15.a3
Nc5 16.Rxd8 Rxd8 17.Rd1 Ne6 18.Bh4 {#d} 1/2-1/2

[Event "It (open)"]
[Site "Agtelek (Hungary)"]
[Date "2000.03.12"]
[Round "7"]
[White "Horvath Julia (HUN)"]
[Black "Abel Lajos (HUN)"]
[Result "1/2-1/2"]
[WhiteElo "2308"]
[BlackElo "2298"]

1.d4 Nf6 2.c4 d6 3.Nf3 Bg4 4.Nc3 Nbd7 5.e4 e5 6.Be2 c6 7.O-O Be7 8.Be3 O-O
9.h3 Bxf3 10.Bxf3 Re8 11.d5 a5 12.a3 cxd5 13.cxd5 Rc8 14.Rc1 h6 15.g4 Nh7
16.Be2 Bg5 17.Bxg5 hxg5 18.Bb5 Nhf8 19.Ne2 Qb6 20.Bxd7 Nxd7 21.Rxc8 Rxc8
22.Qd2 f6 23.Rc1 Rxc1+ {#d} 1/2-1/2

[Event "It (open)"]
[Site "Baden-Wuerttemberg (Germany)"]
[Round "5"]
[White "Bronznik Valerij (UKR)"]
[Black "Ott Frank (GER)"]
[Result "1-0"]
[WhiteElo "2407"]
[BlackElo "2265"]

1.d4 Nf6 2.Nf3 d6 3.c4 Bg4 4.Nc3 Bxf3 5.exf3 g6 6.g3 Bg7 7.Bg2 O-O 8.f4 c6
9.O-O Nbd7 10.d5 cxd5 11.cxd5 Nb6 12.Re1 Qd7 13.Re2 Rfc8 14.Be3 Ne8 15.Bd4 Bf6
16.Qd3 Nc7 17.a4 Bxd4 18.Qxd4 Na6 19.a5 Rc4 20.Qe3 Nc8 21.Be4 Nc5 22.Bc2 Rb4
23.b3 Qc7 24.f5 Nxb3 25.Rb1 Nd4 26.Rxb4 Nxe2+ 27.Qxe2 Qxc3 28.Rxb7 Qxa5
29.fxg6 hxg6 30.Rb1 Qc7 31.Rb4 Nb6 32.Rg4 Kh7 33.Qd2 Rc8 34.Rh4+ Kg8 35.Qd4 f6
36.Bxg6 Qc1+ 37.Kg2 Qc4 38.Qe3 Qxd5+ 39.Be4 Qg5 40.f4 Qc5 41.Qf3 f5 42.Qh5
fxe4 43.Qg6+ {#r} 1-0

[Event "Memorial Em.Lasker (open)"]
[Site "Barlinek (Czech Republic)"]
[Round "9"]
[White "Zielinska Marta (POL)"]
[Black "Mikhaletz Lubomir (UKR)"]
[Result "0-1"]
[WhiteElo "2405"]
[BlackElo "2451"]

1.d4 d6 2.Nf3 Bg4 3.c4 Nf6 4.Nc3 Bxf3 5.gxf3 g6 6.e4 Nbd7 7.Be3 e5 8.d5 Nh5
9.Qd2 Bg7 10.Bh3 O-O 11.Bg4 Nf4 12.Bxf4 exf4 13.Bxd7 Qxd7 14.Qxf4 f5 15.O-O
Be5 16.Qh4 Qg7 17.f4 Bxc3 18.bxc3 fxe4 19.Rae1 Rae8 20.Re3 Qf6 21.Qxf6 Rxf6
22.Rfe1 Rxf4 23.f3 Kf7 24.fxe4 Re5 25.Kg2 Kf6 26.Kg3 Kg5 27.Kg2 h5 28.R1e2 Kf6
29.Rf3 Rg5+ 30.Rg3 Rgg4 31.e5+ dxe5 32.c5 Rxg3+ 33.hxg3 Rc4 34.Rf2+ Ke7 35.Re2
Rxc5 36.Rxe5+ Kf7 {#R} 0-1

[Event "It (open)"]
[Site "Batumi (Georgia)"]
[Round "8"]
[White "Petrosian Tigran A (ARM)"]
[Black "Hachatrian Vahagn (ARM)"]
[Result "1-0"]
[WhiteElo "2260"]
[BlackElo "2389"]

1.d4 Nf6 2.Nf3 d6 3.c4 Bg4 4.Qb3 Qc8 5.Nc3 Nbd7 6.Bg5 Bxf3 7.gxf3 g6 8.Bh3 Bg7
9.O-O-O O-O 10.e3 Nc5 11.Bxc8 Nxb3+ 12.axb3 Raxc8 13.Kc2 Rfe8 14.b4 a6 15.Ra1
Nh5 16.b5 axb5 17.Nxb5 f5 18.f4 e5 19.dxe5 dxe5 20.fxe5 Rxe5 21.Rhd1 f4 22.Rd5
Rxd5 23.cxd5 h6 24.Be7 fxe3 25.fxe3 Be5 26.Kd3 Kf7 27.Bb4 Rd8 28.Rf1+ Nf6
29.e4 c6 30.Bc3 Bxc3 31.Nxc3 Ke7 32.Kd4 cxd5 33.exd5 g5 34.Re1+ Kf7 35.Re5 g4
36.Ne4 Nxe4 37.Kxe4 Kg6 38.Re6+ Kg5 39.d6 h5 40.Ke5 Kh4 41.Rh6 Kg5 42.Rh7 h4
43.Rg7+ Kh5 44.Ke6 g3 45.hxg3 h3 46.Rh7+ Kg4 47.d7 {#r} 1-0

[Event "It (open)"]
[Site "Bizovac (Croatia)"]
[Round "3"]
[White "Cvitan Ognjen (CRO)"]
[Black "Hamzic Sefko (BIH)"]
[Result "1-0"]
[WhiteElo "2550"]
[BlackElo "2227"]

1.d4 Nf6 2.Nf3 d6 3.c4 Bg4 4.Nc3 g6 5.e4 c6 6.Be2 Bg7 7.O-O O-O 8.Be3 Qc7 9.h3
Bxf3 10.Bxf3 e5 11.g3 Nbd7 12.Bg2 Nh5 13.Rc1 Nb6 14.b3 exd4 15.Bxd4 Bh6 16.Rc2
c5 17.Nb5 Qe7 18.Bb2 Rfd8 19.Qd3 a6 20.Nc3 Bg7 21.Kh2 Nf6 22.f4 Nfd7 23.Re1
Nf8 24.Rce2 Qd7 25.h4 Qc7 26.Qd2 Ne6 27.Rf2 Nd4 28.h5 Qe7 29.hxg6 hxg6 30.Ne2
Nxe2 31.Rfxe2 Nd7 32.Bf3 Nf8 33.Bxg7 Kxg7 34.Qc3+ Kg8 35.e5 dxe5 36.Rxe5 Qc7
37.Re7 Qd6 38.Bd5 Nd7 39.Rxd7 Qxd7 40.Qf6 Qf5 41.Bxf7+ Kf8 42.Qe7+ Kg7 43.Be6+
{#r} 1-0

[Event "Extra League 2000/01"]
[Site "Czech Republic"]
[Round "9"]
[White "Orsag Milan (CZE)"]
[Black "Pribyl Josef (CZE)"]
[Result "1/2-1/2"]
[WhiteElo "2387"]
[BlackElo "2417"]

1.Nf3 d6 2.d4 Bg4 3.c4 Nf6 4.Nc3 Bxf3 5.exf3 g6 6.g3 Bg7 7.Bg2 c6 8.d5 cxd5
9.cxd5 Nbd7 10.O-O O-O 11.Re1 Re8 12.Be3 Qa5 13.Rb1 a6 14.f4 Rac8 {#d} 1/2-1/2

[Event "Extra League 2001/02"]
[Site "Czech Republic"]
[Round "5"]
[White "Biolek Richard (CZE)"]
[Black "Trapl Jindrich (CZE)"]
[Result "1-0"]
[WhiteElo "2429"]
[BlackElo "2365"]

1.Nf3 d6 2.d4 Nf6 3.c4 Bg4 4.Nc3 Nbd7 5.e4 e5 6.Be2 Be7 7.O-O O-O 8.d5 Ne8
9.Ne1 Bxe2 10.Qxe2 Bg5 11.Nd3 g6 12.b4 Ng7 13.c5 f5 14.f3 Bxc1 15.Raxc1 fxe4
16.fxe4 Nf6 17.Kh1 Qd7 18.b5 Ngh5 19.c6 bxc6 20.bxc6 Qg7 21.g4 Nf4 22.Nxf4
exf4 23.Rxf4 h5 24.gxh5 Nxh5 25.Rg4 Rf7 26.e5 dxe5 27.Rcg1 Nf4 28.Qe4 Raf8
29.R4g3 Qh7 30.Qe3 Rf5 31.h3 Rh5 32.Kh2 Rb8 33.Ne4 Rb2+ 34.Kh1 Qf7 35.Qf3 Qf5
36.d6 cxd6 37.c7 Rc2 38.Nxd6 Qd7 39.c8=Q+ Rxc8 40.Nxc8 Qxc8 41.Rxg6+ Kh7
42.Rg7+ Kh6 43.Qxh5+ {#r} 1-0

[Event "Ch Finland (team) 2001/02"]
[Site "Finland"]
[Round "2"]
[White "Tolonen Leo (FIN)"]
[Black "Penttinen Jarkko (FIN)"]
[Result "1-0"]
[WhiteElo "2330"]
[BlackElo "2379"]

1.Nf3 d6 2.d4 Nf6 3.c4 Bg4 4.Nc3 Bxf3 5.gxf3 g6 6.Qb3 Qc8 7.Bh3 Nbd7 8.f4 Bg7
9.e4 e6 10.e5 dxe5 11.fxe5 Ng8 12.f4 Nh6 13.Be3 O-O 14.O-O-O a6 15.d5 Nf5
16.Bxf5 exf5 17.h4 c6 18.h5 Re8 19.hxg6 hxg6 20.Kb1 b5 21.d6 Nf8 22.Ne2 Rb8
23.c5 a5 24.Bf2 a4 25.Qh3 Qe6 26.Nd4 Qd5 27.Bh4 Nd7 28.Be7 Qe4+ 29.Ka1 f6
30.Qh7+ {#r} 1-0

[Event "Ch France (team) (2) 2001/02"]
[Site "France"]
[Round "4"]
[White "David Vincent (FRA)"]
[Black "Bazart David (FRA)"]
[Result "1-0"]
[WhiteElo "2270"]
[BlackElo "2175"]

1.d4 Nf6 2.c4 d6 3.Nf3 Bg4 4.Qb3 Qc8 5.h3 Bf5 6.Nc3 c6 7.Bg5 Nbd7 8.Nh4 Bg6
9.Nxg6 hxg6 10.d5 Nc5 11.Qc2 e5 12.Bd2 Be7 13.e4 a5 14.Be2 O-O 15.O-O-O a4
16.Kb1 a3 17.b3 cxd5 18.exd5 Nfd7 19.g4 f5 20.h4 Nf6 21.Rdg1 Nfe4 22.Nxe4 Nxe4
23.Be1 Qd8 24.h5 gxh5 25.Rxh5 Bh4 26.gxf5 Bxf2 27.Bxf2 Nxf2 28.f6 {#r} 1-0

[Event "Bayern Regionalliga Southeast 2001/02"]
[Site "Germany"]
[Round "1"]
[White "Wenzel Johannes (GER)"]
[Black "Krausser Helmut (GER)"]
[Result "0-1"]
[WhiteElo "2217"]
[BlackElo "2140"]

1.Nf3 Nf6 2.c4 d6 3.d4 Bg4 4.Nc3 Bxf3 5.exf3 c6 6.d5 g6 7.f4 Bg7 8.Be2 O-O
9.O-O Nbd7 10.Be3 Qc7 11.Rc1 a6 12.dxc6 bxc6 13.Qd2 Rfd8 14.Rfd1 Nf8 15.Bf3
Rab8 16.b3 Ne6 17.Qd3 Nd7 18.Qe4 Rdc8 19.f5 Nf6 20.Qd3 Nf8 21.fxg6 Nxg6 22.Bg5
Qa5 23.Bd2 Ne5 24.Qe2 Qc7 25.Bf4 Nxf3+ 26.Qxf3 Qd7 27.Bg5 Ng4 28.h3 Ne5 29.Qe4
{#R} 0-1

[Event "Ch Poland (team) (juniors) (under 20) (2 div)"]
[Site "Krynica (Poland)"]
[Round "8"]
[White "Szymanski Piotr (POL)"]
[Black "Zielinski Przemyslaw (POL)"]
[Result "0-1"]
[WhiteElo "2110"]
[BlackElo "2232"]

1.d4 Nf6 2.c4 d6 3.Nf3 Bg4 4.Nc3 Bxf3 5.exf3 g6 6.g3 Bg7 7.Bg2 c6 8.O-O d5
9.c5 O-O 10.Be3 Nfd7 11.f4 Na6 12.Ne2 e6 13.Qa4 Nc7 14.Rac1 f6 15.Bh3 Qe8
16.Qb3 Rb8 17.Qa4 g5 18.Rfe1 gxf4 19.Nxf4 e5 20.Nd3 a6 {#R} 0-1

[Event "Ch Moscow"]
[Site "Moscow (Russia)"]
[Round "8"]
[White "Bairachny Ruslan (UKR)"]
[Black "Kremenietsky Anatoly M (RUS)"]
[Result "1-0"]
[WhiteElo "2421"]
[BlackElo "2392"]

1.Nf3 Nf6 2.c4 d6 3.d4 Bg4 4.Qb3 Qc8 5.g3 Nc6 6.d5 Nb8 7.Nd4 g6 8.h3 Bd7 9.Bg2
Bg7 10.Nc3 O-O 11.Be3 c5 12.Nc2 Na6 13.f4 Nc7 14.a4 Rb8 15.Bf2 a6 16.a5 Na8
17.e4 b5 18.axb6 Rxb6 19.Qa2 Nh5 20.Ne3 Bd4 21.Ncd1 Nc7 22.h4 Bg4 23.Qa5 Rb7
24.Qd2 Bxd1 25.Nxd1 Bxf2+ 26.Kxf2 Rb3 27.Bf3 Nf6 28.Qc2 Rb4 29.h5 Qd7 30.Ra3
Rfb8 31.Rh4 e6 32.g4 exd5 33.exd5 Qe8 34.g5 Nd7 35.Bg4 Nb6 36.Re3 Qf8 37.Be2
Re8 38.Reh3 Re7 39.Bd3 Qg7 40.hxg6 fxg6 41.Kg2 Qf8 42.Bxg6 Rxc4 43.Bxh7+ Kg7
44.Qg6+ {#r} 1-0

[Event "It (open)"]
[Site "Plzen (Czech Republic)"]
[Round "2"]
[White "Strnad Josef (CZE)"]
[Black "Seleljo Daniel (CZE)"]
[Result "0-1"]
[WhiteElo "2081"]
[BlackElo "2267"]

1.Nf3 Nf6 2.c4 d6 3.d4 Bg4 4.e3 Nbd7 5.Be2 e5 6.O-O Be7 7.Nc3 c6 8.b3 O-O
9.Bb2 Re8 10.Qc2 Bf8 11.dxe5 dxe5 12.e4 Bxf3 13.Bxf3 Nc5 14.Rad1 Qc7 15.g3 a5
16.Ne2 Qb6 17.Ba3 Ne6 18.Bxf8 Rxf8 19.Rd6 Rfd8 20.Rfd1 Rxd6 21.Rxd6 a4 22.Qc3
axb3 23.axb3 Ng5 24.c5 Nxf3+ 25.Qxf3 Qxc5 26.Rd3 Qe7 27.g4 g6 28.Ng3 Nd7 29.b4
Nf8 30.Qd1 Qf6 31.Kg2 Ne6 32.Ne2 Ra2 33.Rd2 Ra8 34.Rd3 Qg5 35.Kg3 h5 36.f3
hxg4 37.fxg4 Nf4 38.Rf3 Nh5+ 39.Kh3 Nf6 40.Kg2 Nxg4 41.Qb3 Nh6+ 42.Rg3 Qf6
43.Ng1 Kg7 44.Nf3 Qf4 45.Qb1 Ng4 46.h3 Nf6 47.Ng5 Qd2+ 48.Kh1 Ra2 {#R} 0-1

[Event "It (open)"]
[Site "Presov (Slovakia)"]
[Round "4"]
[White "Volodin Viktor (RUS)"]
[Black "Priehoda Vitezslav (CZE)"]
[Result "0-1"]
[WhiteElo "2301"]
[BlackElo "2417"]

1.Nf3 d6 2.d4 Bg4 3.c4 Nf6 4.Qb3 Qc8 5.g3 g6 6.Bg2 c6 7.Nc3 Bg7 8.O-O O-O
9.Be3 Na6 10.h3 Bd7 11.Kh2 h6 12.Bd2 Re8 13.e4 e5 14.Be3 Nc7 15.Qa3 Bf8 16.d5
b5 17.b3 cxd5 18.cxd5 a5 19.Qc1 b4 20.Na4 Bxa4 21.bxa4 Nxe4 22.Bxh6 Nxd5
23.Bxf8 Qxc1 24.Rfxc1 Kxf8 25.Nd2 Nxd2 26.Bxd5 Rac8 {#R} 0-1

[Event "Ch Estonia"]
[Site "Puhajarve (Estonia)"]
[Round "7"]
[White "Narva Jaan (EST)"]
[Black "Lauk Ular (EST)"]
[Result "1/2-1/2"]
[WhiteElo "2313"]
[BlackElo "2346"]

1.d4 Nf6 2.Nf3 d6 3.c4 Bg4 4.Qb3 Qc8 5.h3 Bh5 6.Bg5 Nbd7 7.Nbd2 h6 8.Be3 e6
9.g3 Bg6 10.Bg2 c6 11.O-O Be7 12.a4 O-O 13.a5 a6 14.Rfc1 Re8 15.Qa4 Qc7 16.b4
Rac8 17.Nb3 Qb8 18.Nfd2 Bf8 19.b5 cxb5 20.cxb5 Rxc1+ 21.Rxc1 Rc8 22.Nc4 d5
23.Bf4 axb5 24.Qxb5 Qa7 25.Nb6 Rxc1+ 26.Bxc1 Qa6 27.Qxa6 bxa6 28.Bd2 Bd6
29.Bf1 Bc2 30.Na1 Nxb6 31.axb6 Ba4 32.e3 Nd7 33.Bxa6 Nxb6 34.Bd3 Kf8 {#d}
1/2-1/2

[Event "Ch Croatia (team) (1st league)"]
[Site "Pula (Croatia)"]
[Round "5"]
[White "Cvitan Ognjen (CRO)"]
[Black "Jusic Zdenko (CRO)"]
[Result "1/2-1/2"]
[WhiteElo "2550"]
[BlackElo "2424"]

1.Nf3 d6 2.d4 Bg4 3.c4 Nf6 4.Nc3 g6 5.e4 Nc6 6.d5 Ne5 7.Be2 Nxf3+ 8.Bxf3 Bxf3
9.Qxf3 Bg7 10.O-O Nd7 11.Bd2 c5 12.Nd1 a6 13.Bc3 Bxc3 14.Qxc3 O-O 15.Ne3 Nf6
16.f3 b5 17.b3 Qc7 18.Rad1 b4 19.Qb2 a5 20.Rfe1 a4 21.Nc2 Nd7 22.f4 f6 23.Re2
Ra6 24.Ne1 axb3 25.axb3 Rfa8 26.Nd3 Qa7 27.Rdd2 Ra1+ 28.Kf2 Qa3 29.g3 Rh1
30.Kg2 Qa1 31.Qxa1 Raxa1 32.e5 Rhg1+ 33.Kh3 Nf8 34.exd6 exd6 35.Re8 Ra7
36.Rde2 Kf7 37.Rd8 Re7 38.Ra2 Rd7 39.Rxd7+ Nxd7 40.Ra7 Ke7 41.Nb2 h5 42.Na4
Ra1 43.Kh4 Kd8 {#d} 1/2-1/2

[Event "Ch Romania (team)"]
[Site "Romania"]
[Round "1"]
[White "Manolache Marius (ROM)"]
[Black "Schmidt Raul (ROM)"]
[Result "1-0"]
[WhiteElo "2394"]
[BlackElo "2115"]

1.d4 Nf6 2.c4 d6 3.Nf3 Bg4 4.Qd3 Nbd7 5.Nc3 e5 6.Qe3 Be6 7.d5 Bf5 8.h3 c6 9.g4
Bg6 10.dxc6 bxc6 11.Bg2 Be7 12.Nh4 Qc7 13.Bd2 Rb8 14.Nxg6 hxg6 15.b3 Nc5
16.Qf3 Rc8 17.g5 Nfd7 18.Rc1 Qb8 19.h4 Ne6 20.Qg4 Bd8 21.h5 gxh5 22.Rxh5 Rxh5
23.Qxh5 g6 24.Qh8+ Ke7 25.Bxc6 Nc7 26.Qg8 Nb6 27.Be3 Ke6 28.Bf3 Ke7 29.c5 Ne6
30.cxb6 {#r} 1-0

[Event "Memorial G.Garcia (b)"]
[Site "Santa Clara (Cuba)"]
[Round "2"]
[White "Vera Reynaldo (CUB)"]
[Black "Arribas Maritza (CUB)"]
[Result "1-0"]
[WhiteElo "2557"]
[BlackElo "2287"]

1.d4 Nf6 2.Nf3 d6 3.c4 Bg4 4.Nc3 c6 5.e4 Nbd7 6.Be2 e5 7.Be3 Be7 8.O-O O-O
9.Re1 Re8 10.d5 Nf8 11.h3 Bd7 12.b4 Ng6 13.Qd2 Nxe4 14.Nxe4 f5 15.Nxd6 Bxd6
16.c5 Be7 17.Bc4 Kh8 18.Ng5 Bxg5 19.Bxg5 Qc8 20.dxc6 Bxc6 21.Bf7 f4 22.Bxe8
Qxe8 23.Rad1 h6 24.Bd8 Qf7 25.Qd6 Qf5 26.f3 Kh7 27.Qd3 Qf7 28.b5 Be8 29.a4 a6
30.Bh4 axb5 31.axb5 Ra2 32.Bf2 Rb2 33.c6 bxc6 34.b6 c5 35.Rb1 Rxb1 36.Qxb1 Bc6
37.Rxe5 c4 38.Rc5 {#r} 1-0

[Event "Extra League 2000/01"]
[Site "Slovakia"]
[Round "9"]
[White "Prielozny Stanislav (SVK)"]
[Black "Krajnak Martin (SVK)"]
[Result "1/2-1/2"]
[WhiteElo "2227"]
[BlackElo "2221"]

1.d4 Nf6 2.Nf3 d6 3.c4 Bg4 4.e3 Nbd7 5.Be2 e5 6.Nc3 Be7 7.O-O c6 8.Nd2 Bxe2
9.Nxe2 d5 10.Ng3 g6 11.e4 O-O 12.exd5 cxd5 13.cxd5 exd4 14.Nc4 Nb6 15.Qxd4
Qxd5 16.Qxd5 Nbxd5 17.Bg5 {#d} 1/2-1/2

[Event "Extra League 2001/02"]
[Site "Slovakia"]
[Round "3"]
[White "Turna Stefan (SVK)"]
[Black "Vojtek Vladimir (SVK)"]
[Result "1-0"]
[WhiteElo "2261"]
[BlackElo "2277"]

1.d4 Nf6 2.Nf3 d6 3.c4 Bg4 4.Nc3 Bxf3 5.gxf3 g6 6.Bg2 Nbd7 7.b3 Bg7 8.Bb2 c6
9.f4 Qa5 10.Qd2 O-O 11.d5 Rac8 12.Rd1 Rfd8 13.O-O Nb6 14.e4 Nh5 15.f5 Nf4
16.Qxf4 Bxc3 17.Bc1 Be5 18.Qh4 Bf6 19.Qg4 Nd7 20.f4 Kg7 21.fxg6 hxg6 22.dxc6
Qb6+ 23.Kh1 bxc6 24.e5 Nxe5 25.fxe5 Bxe5 26.Qf3 f6 27.Be3 Qa5 28.Bh3 Rc7
29.Rd2 Kf7 30.Rg2 Rg8 31.Qg4 Qc3 32.Qe6+ Kf8 33.Bh6+ Rg7 34.Rxg6 {#r} 1-0

[Event "Cup Russia (open)"]
[Site "Tula (Russia)"]
[Round "4"]
[White "Sambuev Bator (RUS)"]
[Black "Savon Vladimir A (UKR)"]
[Result "1-0"]
[WhiteElo "2458"]
[BlackElo "2449"]

1.d4 Nf6 2.Nf3 d6 3.c4 Bg4 4.Nc3 Nbd7 5.e4 e5 6.Be2 Bxf3 7.Bxf3 exd4 8.Qxd4 g6
9.Be2 Bg7 10.Be3 Ne5 11.f3 O-O 12.Qd2 Nc6 13.O-O Nd7 14.Nd5 a5 15.Bg5 Bd4+
16.Kh1 f6 17.Bh4 Nc5 18.Rae1 Qd7 19.Bd1 Rae8 20.b3 Qg7 21.a3 Ne6 22.f4 g5
23.Bg3 gxf4 24.Bxf4 Nxf4 25.Rxf4 Kh8 26.Rg4 Qf7 27.Rh4 Qg7 28.Bh5 Re5 29.Nf4
f5 30.Bg6 h6 31.Bxf5 Ne7 32.Ng6+ Nxg6 33.Rxh6+ {#r} 1-0

[Event "It (open) \"]
[Site "Villa Martelli (Argentina)"]
[Round "9"]
[White "Labollita Martin (ARG)"]
[Black "Pedro Fernando (ARG)"]
[Result "1-0"]
[WhiteElo "2396"]
[BlackElo "2128"]

1.Nf3 d6 2.d4 Bg4 3.c4 Nf6 4.Nc3 e6 5.e4 d5 6.cxd5 exd5 7.e5 Ne4 8.Qb3 Nxc3
9.bxc3 b6 10.Bg5 Be7 11.Bxe7 Qxe7 12.Qxd5 O-O 13.Be2 Nd7 14.O-O Rfd8 15.Qc6
Nf8 16.Rfe1 Bd7 17.Qxc7 Rdc8 18.Qb7 Qa3 19.Qe4 Qxc3 20.d5 Rc5 21.Nd4 Re8 22.f4
g6 23.Nb3 Bf5 24.Qf3 Qxf3 25.Bxf3 Rc4 26.g3 Rec8 27.Rec1 Rc2 28.Rxc2 Rxc2
29.Nd4 Rc3 30.Nxf5 Rxf3 31.Nh6+ Kg7 32.Ng4 Nd7 33.Rc1 Rd3 34.Rc7 h5 35.Rxd7
hxg4 36.e6 {#r} 1-0